000 01177cam a2200301 a 4500
999 _c30570
_d30570
001 14988048
005 20190926092748.0
008 070830s2008 enka b 001 0 eng
010 _a 2007035893
020 _a9780132046527 (pbk.)
020 _a0132046520 (pbk.)
035 _a(OCoLC)167769629
035 _a(OCoLC)ocn167769629
040 _aDLC
_cDLC
_dBWKUK
_dBWK
_dBTCTA
_dBAKER
_dDLC
050 0 0 _aG155.A1
_b.H349 2008
082 0 0 _a338.4/791
_222
100 1 _aHall, Colin Michael,
_d1961-
245 1 0 _aTourism planning :
_bpolicies, processes and relationships /
_cC. Michael Hall.
250 _a2nd ed.
260 _aHarlow, England ;
_aNew York :
_bPearson/Prentice Hall,
_c2008.
300 _axvii, 302 p. :
_bill. ;
_c25 cm.
504 _aIncludes bibliographical references (p. 269-298) and index.
650 0 _aTourism
_xPlanning.
856 4 1 _3Table of contents only
_uhttp://www.loc.gov/catdir/toc/ecip0726/2007035893.html
906 _a7
_bcbc
_corignew
_d1
_eecip
_f20
_gy-gencatlg
942 _2lcc
_cBOOKS
_hG155.A1 .H349 2008